[Event "Gibraltar Amateurs B"]
[Site "Gibraltar"]
[Date "2019.01.28"]
[Round "3.28"]
[White "Matto, Manuel"]
[Black "Russell, Logan"]
[Result "1/2-1/2"]
[WhiteElo "1769"]
[BlackElo "1185"]
[PlyCount "80"]
[EventDate "2019.01.26"]
[EventType "swiss"]
[EventRounds "5"]
[EventCountry "GGB"]

1. e4 e5 2. Nc3 Nf6 3. Bc4 Bc5 4. d3 c6 5. Be3 Bb4 6. a3 Bxc3+ 7. bxc3 d5 8.
exd5 cxd5 9. Bb3 d4 10. cxd4 exd4 11. Bg5 Qa5+ 12. Bd2 Qe5+ 13. Qe2 Qxe2+ 14.
Nxe2 Nc6 15. O-O O-O 16. Ng3 Be6 17. Rab1 Bxb3 18. Rxb3 b6 19. f3 Rac8 20. Rb2
Rfe8 21. Ne4 Nxe4 22. fxe4 Ne5 23. h3 Rc6 24. Bf4 Ng6 25. Bg3 Rec8 26. Rc1 f6
27. Kh2 Ne5 28. Bxe5 fxe5 29. Rb5 Rc5 30. Rxc5 Rxc5 31. Kg3 Kf7 32. Kf3 Rc3 33.
a4 Ra3 34. Kg4 g6 35. Kg5 Kg7 36. g4 a6 37. Rb1 h6+ 38. Kh4 g5+ 39. Kg3 Rxa4
40. Rxb6 Ra1 1/2-1/2

[Event "Gibraltar Amateurs B"]
[Site "Gibraltar"]
[Date "2019.01.28"]
[Round "3.29"]
[White "Koreywo, Witold"]
[Black "Murray, J Stephen"]
[Result "1-0"]
[WhiteElo "1553"]
[BlackElo "1770"]
[PlyCount "63"]
[EventDate "2019.01.26"]
[EventType "swiss"]
[EventRounds "5"]
[EventCountry "GGB"]

1. d4 Nf6 2. Bf4 e6 3. e3 c5 4. c3 Nc6 5. Nf3 d5 6. Nbd2 Bd6 7. Bg3 Bxg3 8.
hxg3 Qd6 9. Bd3 c4 10. Bc2 Bd7 11. e4 dxe4 12. Nxe4 Nxe4 13. Bxe4 g6 14. Qe2
Na5 15. Ne5 Rc8 16. Qf3 Qe7 17. Nxd7 Qxd7 18. Qf6 Rf8 19. Rxh7 Qd6 20. O-O-O
Nc6 21. Rdh1 Nd8 22. d5 Rc5 23. Rh8 Kd7 24. dxe6+ Qxe6 25. Rd1+ Kc7 26. Qf4+
Kb6 27. Rxf8 Nc6 28. Bxc6 Rxc6 29. Rfd8 Qe7 30. R8d6 Rxd6 31. Qxd6+ Qxd6 32.
Rxd6+ 1-0

[Event "Gibraltar Amateurs B"]
[Site "Gibraltar"]
[Date "2019.01.28"]
[Round "3.30"]
[White "Riedel, Michael"]
[Black "Mahbubani, Arun"]
[Result "1-0"]
[WhiteElo "1587"]
[BlackElo "1261"]
[PlyCount "77"]
[EventDate "2019.01.26"]
[EventType "swiss"]
[EventRounds "5"]
[EventCountry "GGB"]

1. d4 Nf6 2. c3 d5 3. Bf4 g6 4. e3 Bg7 5. Bd3 c5 6. Nd2 Nc6 7. Ngf3 cxd4 8.
exd4 e6 9. O-O O-O 10. Re1 Re8 11. Bg5 Qc7 12. Nf1 e5 13. dxe5 Ng4 14. h3 Ngxe5
15. Bf4 Bd7 16. Ne3 Qb6 17. Nxe5 Nxe5 18. Nxd5 Qd8 19. Bxe5 Bxe5 20. Ne3 a6 21.
Bc4 Bg7 22. Qb3 Be6 23. Rad1 Qc8 24. Bxe6 Rxe6 25. Nd5 Rxe1+ 26. Rxe1 Qc5 27.
Ne3 b5 28. Qd5 Qc8 29. a3 Rb8 30. Nc2 a5 31. Re7 Qf8 32. Qe4 Bf6 33. Rb7 Rxb7
34. Qxb7 Qc5 35. Qf3 Kg7 36. Ne3 Bg5 37. Qd5 Qb6 38. Qe4 Qb8 39. g3 1-0

[Event "Gibraltar Amateurs B"]
[Site "Gibraltar"]
[Date "2019.01.28"]
[Round "3.32"]
[White "White, Gary"]
[Black "Galinskyi, Mykhalo"]
[Result "0-1"]
[WhiteElo "1623"]
[BlackElo "1540"]
[PlyCount "58"]
[EventDate "2019.01.26"]
[EventType "swiss"]
[EventRounds "5"]
[EventCountry "GGB"]

1. g4 d5 2. Bg2 Bxg4 3. c4 c6 4. Qb3 Qb6 5. cxd5 Qxb3 6. axb3 Bd7 7. Nc3 Nf6 8.
Na4 Na6 9. e4 e6 10. dxe6 Bxe6 11. Nc3 Bc5 12. Nge2 Bxb3 13. d4 Bb6 14. Bg5
O-O-O 15. e5 h6 16. Bh4 g5 17. Bg3 Nh5 18. Bxc6 Nxg3 19. fxg3 Nb4 20. Be4 a6
21. Rc1 Kb8 22. Rf1 Bxd4 23. Rxf7 Bxf7 24. Na4 b5 25. Nxd4 Rxd4 26. Nc5 Rxe4+
27. Kf1 Rc4 28. Nd7+ Kc7 29. Rd1 Rd8 0-1

[Event "Gibraltar Amateurs B"]
[Site "Gibraltar"]
[Date "2019.01.28"]
[Round "3.33"]
[White "Hudson, Jeremy"]
[Black "Alonso Prieto, Victor"]
[Result "0-1"]
[WhiteElo "1603"]
[BlackElo "1500"]
[PlyCount "60"]
[EventDate "2019.01.26"]
[EventType "swiss"]
[EventRounds "5"]
[EventCountry "GGB"]

1. d4 Nf6 2. Nf3 c6 3. c4 d5 4. Nc3 a6 5. g3 Bg4 6. Ne5 Bf5 7. Bg2 e6 8. c5
Nbd7 9. f4 Nxe5 10. fxe5 Ne4 11. O-O Be7 12. Nxe4 Bxe4 13. Bxe4 dxe4 14. Be3 h5
15. Qd2 Qd7 16. h3 Rg8 17. Rf2 f5 18. h4 O-O-O 19. Rff1 Bxc5 20. Rfd1 Qf7 21.
Qc3 Be7 22. Bf2 g5 23. b4 gxh4 24. a4 hxg3 25. Be1 Bxb4 26. Qxb4 f4 27. Rab1 f3
28. exf3 exf3 29. Rdc1 f2+ 30. Kg2 f1=Q# 0-1

[Event "Gibraltar Amateurs B"]
[Site "Gibraltar"]
[Date "2019.01.28"]
[Round "3.35"]
[White "Krause, Helmut"]
[Black "Mahbubani, Dev"]
[Result "1-0"]
[WhiteElo "1668"]
[BlackElo "1343"]
[PlyCount "55"]
[EventDate "2019.01.26"]
[EventType "swiss"]
[EventRounds "5"]
[EventCountry "GGB"]

1. d4 Nf6 2. Nf3 g6 3. Nc3 d6 4. e4 Bg7 5. Be3 O-O 6. Qd2 Nbd7 7. Be2 c5 8. Bh6
Ng4 9. Bxg7 Kxg7 10. h3 Ngf6 11. d5 Qb6 12. O-O-O a5 13. Qd3 Ne5 14. Nxe5 dxe5
15. Qb5 Qxb5 16. Bxb5 Rd8 17. f3 e6 18. Rd2 Bd7 19. Bc4 exd5 20. Nxd5 Nxd5 21.
Bxd5 Bc6 22. Rhd1 Bxd5 23. Rxd5 Rdc8 24. Rxe5 c4 25. c3 Rd8 26. Red5 Rxd5 27.
Rxd5 a4 28. Rc5 1-0

[Event "Gibraltar Amateurs B"]
[Site "Gibraltar"]
[Date "2019.01.28"]
[Round "3.36"]
[White "Ralivololona, Hanitriniaina Andri"]
[Black "Savage, Neil"]
[Result "1/2-1/2"]
[WhiteElo "1399"]
[BlackElo "1585"]
[PlyCount "56"]
[EventDate "2019.01.26"]
[EventType "swiss"]
[EventRounds "5"]
[EventCountry "GGB"]

1. e4 g6 2. Nf3 Bg7 3. d4 d6 4. Be2 Nf6 5. Nc3 c6 6. h3 O-O 7. O-O Nbd7 8. Be3
b5 9. Bd3 a6 10. Qd2 Qc7 11. Bh6 c5 12. Bxg7 Kxg7 13. dxc5 dxc5 14. Nd5 Nxd5
15. exd5 Nf6 16. c4 bxc4 17. Bxc4 Ne4 18. Qe3 Nd6 19. b3 Bb7 20. Rfe1 Rfe8 21.
Qc3+ Kg8 22. Re5 Rad8 23. Rae1 f6 24. R5e2 Nxc4 25. bxc4 Kf7 26. Qe3 Bc8 27.
Nd2 e6 28. dxe6+ Rxe6 1/2-1/2

[Event "Gibraltar Amateurs B"]
[Site "Gibraltar"]
[Date "2019.01.28"]
[Round "3.37"]
[White "Dhanwani, Aryan"]
[Black "Naldrett, Geoffrey"]
[Result "1/2-1/2"]
[WhiteElo "1323"]
[BlackElo "1557"]
[PlyCount "71"]
[EventDate "2019.01.26"]
[EventType "swiss"]
[EventRounds "5"]
[EventCountry "GGB"]

1. e4 e5 2. Nf3 Nc6 3. Bc4 Bc5 4. d3 h6 5. Nc3 Nf6 6. Be3 Qe7 7. Bxc5 Qxc5 8.
O-O d6 9. h3 Na5 10. Bb3 Nxb3 11. cxb3 O-O 12. Rc1 Qa5 13. Qd2 c6 14. Na4 Qd8
15. b4 Bd7 16. Nc3 Re8 17. Rfe1 a5 18. bxa5 Rxa5 19. a3 Be6 20. Ne2 Bb3 21. Rc3
Be6 22. Ra1 Bc8 23. b4 Ra8 24. Qe3 d5 25. Qd2 dxe4 26. dxe4 Nxe4 27. Qxd8 Rxd8
28. Re3 f5 29. Nxe5 Re8 30. Nc4 Be6 31. Nb2 Rad8 32. Rd3 Rxd3 33. Nxd3 Bc4 34.
Nec1 Rd8 35. Nb2 Ba6 36. Nb3 1/2-1/2

[Event "Gibraltar Amateurs B"]
[Site "Gibraltar"]
[Date "2019.01.29"]
[Round "4.1"]
[White "Cernuda Orejas, Victor Manuel"]
[Black "Lane, Ryan"]
[Result "0-1"]
[WhiteElo "1893"]
[BlackElo "1851"]
[PlyCount "136"]
[EventDate "2019.01.26"]
[EventType "swiss"]
[EventRounds "5"]
[EventCountry "GGB"]

1. c3 Nf6 2. d4 g6 3. Bg5 Bg7 4. Nf3 d6 5. Nbd2 h6 6. Bxf6 Bxf6 7. e4 Bg7 8.
Bd3 Nd7 9. Qc2 c5 10. O-O O-O 11. Rfe1 Qc7 12. Rac1 a6 13. dxc5 Nxc5 14. Nb3
Nxd3 15. Qxd3 b6 16. Qe3 Bb7 17. Nbd2 Rfd8 18. Nd4 Rac8 19. Ne2 Qc5 20. Nf4
Qxe3 21. Rxe3 h5 22. Nd5 Bxd5 23. exd5 Bh6 24. Rd3 b5 25. Re1 Bxd2 26. Rxd2 Kf8
27. f4 Rc4 28. Rf1 Kg7 29. f5 g5 30. f6+ exf6 31. Rdf2 Re4 32. Rxf6 Rd7 33.
R6f2 Re5 34. Rd2 Rde7 35. Rfd1 Re2 36. Kf1 Rxd2 37. Rxd2 f5 38. b3 Re4 39. Rc2
Kf6 40. c4 bxc4 41. bxc4 Ke5 42. c5 Kxd5 43. c6 Re8 44. Kf2 Rc8 45. c7 Ke6 46.
Rc6 Kd7 47. Rxa6 Rxc7 48. h3 Rc2+ 49. Kf3 Ke6 50. Ra8 h4 51. Re8+ Kf7 52. Ra8
Rc3+ 53. Kf2 Kf6 54. a4 Ke5 55. Rb8 Ra3 56. Rb5+ d5 57. a5 Ke4 58. Rb4+ d4 59.
Rb5 Ra2+ 60. Kf1 d3 61. Ke1 Rxg2 62. Rb8 Ra2 63. Re8+ Kf3 64. Re5 Kf4 65. Rd5
Ke4 66. Rb5 g4 67. hxg4 fxg4 68. Kf1 h3 0-1

[Event "Gibraltar Amateurs B"]
[Site "Gibraltar"]
[Date "2019.01.29"]
[Round "4.2"]
[White "Bauer, Dieter"]
[Black "Pink, Joshua"]
[Result "1/2-1/2"]
[WhiteElo "1714"]
[BlackElo "1890"]
[PlyCount "116"]
[EventDate "2019.01.26"]
[EventType "swiss"]
[EventRounds "5"]
[EventCountry "GGB"]

1. c4 e6 2. g3 d5 3. Bg2 Nf6 4. Nf3 c5 5. O-O d4 6. d3 Nc6 7. a3 a5 8. e3 Bd6
9. exd4 cxd4 10. Re1 O-O 11. Bg5 h6 12. Bxf6 Qxf6 13. Nbd2 Qd8 14. Ne4 Re8 15.
Rc1 Bf8 16. Rc2 e5 17. Qc1 f5 18. Ned2 Bc5 19. Nb3 Qb6 20. Nxc5 Qxc5 21. Rce2
Bd7 22. b3 Re7 23. Qb2 Rae8 24. Nd2 e4 25. dxe4 Ne5 26. b4 axb4 27. axb4 Nd3
28. Qa3 Nxb4 29. e5 Na6 30. Bd5+ Be6 31. Qf3 Nb4 32. Nb3 Bxd5 33. cxd5 Qxd5 34.
Qxd5+ Nxd5 35. Nxd4 f4 36. Nf5 Re6 37. Nd6 R8e7 38. Nf5 Re8 39. Nd6 f3 40. Re4
Nc3 41. Nxe8 Nxe4 42. Rxe4 Rxe8 43. Rf4 Rf8 44. Rb4 Rf7 45. h4 Re7 46. Rb5 Kf7
47. g4 Ke6 48. Kh2 Rd7 49. Kg3 Rf7 50. h5 b6 51. Rxb6+ Kxe5 52. Rg6 Ke4 53. g5
hxg5 54. Rxg5 Rb7 55. Rg6 Rb1 56. Kh2 Rf1 57. Rxg7 Rxf2+ 58. Kg1 Ra2 1/2-1/2

[Event "Gibraltar Amateurs B"]
[Site "Gibraltar"]
[Date "2019.01.29"]
[Round "4.3"]
[White "Valladolid Martin, Fco. Jose"]
[Black "Bosschem, Eddy"]
[Result "0-1"]
[WhiteElo "1878"]
[BlackElo "1847"]
[PlyCount "98"]
[EventDate "2019.01.26"]
[EventType "swiss"]
[EventRounds "5"]
[EventCountry "GGB"]

1. e4 c5 2. Nf3 d6 3. Bb5+ Bd7 4. Bxd7+ Qxd7 5. O-O Nc6 6. b3 e6 7. Bb2 Nf6 8.
Qe2 Be7 9. d4 cxd4 10. Nxd4 O-O 11. c4 d5 12. cxd5 exd5 13. e5 Ne4 14. Kh1 Nxd4
15. Bxd4 a6 16. Nd2 Nxd2 17. Qxd2 f6 18. exf6 Bxf6 19. Rad1 Bxd4 20. Qxd4 Rad8
21. Rfe1 Rfe8 22. Kg1 Rxe1+ 23. Rxe1 Kh8 24. h4 h6 25. a4 Rc8 26. Re5 Rd8 27.
h5 Qd6 28. b4 Qf6 29. g3 Qd6 30. f4 Qf6 31. Kf2 Qd6 32. Qc5 Qd7 33. Qe7 Qc8 34.
Qc5 Qh3 35. Qd4 Qh1 36. Re7 Qh2+ 37. Kf3 Qxh5+ 38. Kg2 Qg4 39. Rxb7 Re8 40.
Qxd5 Re2+ 41. Kf1 Re8 42. Qd3 Qc8 43. Qxa6 Qc1+ 44. Kg2 Qd2+ 45. Kh3 Re2 46.
Kg4 Qd1 47. Kf5 Qd5+ 48. Kg4 h5+ 49. Kh3 Qh1# 0-1

[Event "Gibraltar Amateurs B"]
[Site "Gibraltar"]
[Date "2019.01.29"]
[Round "4.4"]
[White "Sharma, Pankaj"]
[Black "Lochte, Szilvia"]
[Result "1-0"]
[WhiteElo "1809"]
[BlackElo "1868"]
[PlyCount "73"]
[EventDate "2019.01.26"]
[EventType "swiss"]
[EventRounds "5"]
[EventCountry "GGB"]

1. e4 c5 2. Nf3 e6 3. d4 cxd4 4. Nxd4 a6 5. Nc3 Qc7 6. Be3 Nf6 7. a3 Be7 8. Bd3
d6 9. O-O Nbd7 10. f4 b6 11. Qe2 Bb7 12. Kh1 O-O 13. Rae1 Nc5 14. Bg1 Nxd3 15.
cxd3 Rfe8 16. Rc1 Qd8 17. Be3 Rc8 18. Rf3 d5 19. e5 Ng4 20. Bg1 h5 21. h3 Nh6
22. Rcf1 g6 23. Be3 Kg7 24. Qd2 Nf5 25. Nxf5+ exf5 26. Bd4 Bc5 27. Qe3 Re6 28.
Kg1 Qc7 29. Ne2 Kg8 30. b4 Bxd4 31. Nxd4 Ree8 32. Rg3 Qd7 33. Qf3 Kh7 34. Rg5
Rh8 35. Nxf5 Kg8 36. Nd6 Rc7 37. f5 1-0

[Event "Gibraltar Amateurs B"]
[Site "Gibraltar"]
[Date "2019.01.29"]
[Round "4.5"]
[White "Hermes, Geoff R"]
[Black "Sahil, Dhawan"]
[Result "0-1"]
[WhiteElo "1860"]
[BlackElo "1843"]
[PlyCount "54"]
[EventDate "2019.01.26"]
[EventType "swiss"]
[EventRounds "5"]
[EventCountry "GGB"]

1. d4 Nf6 2. Bf4 e6 3. e3 c5 4. c3 d5 5. Bd3 Bd6 6. Bg3 Nc6 7. Nf3 O-O 8. Nbd2
b6 9. e4 dxe4 10. Nxe4 Be7 11. dxc5 bxc5 12. Qe2 Bb7 13. Rd1 Nd5 14. c4 Qa5+
15. Rd2 Ndb4 16. Bb1 Nxa2 17. Bxa2 Qxa2 18. O-O Rad8 19. Nd6 Ba8 20. b4 Qa3 21.
b5 Nd4 22. Nxd4 cxd4 23. Ra2 d3 24. Qd2 Qc5 25. Rfa1 Bxd6 26. Rxa7 Bxg3 27.
hxg3 Qxc4 0-1

[Event "Gibraltar Amateurs B"]
[Site "Gibraltar"]
[Date "2019.01.29"]
[Round "4.6"]
[White "Marcos Herrero, Francisco"]
[Black "Manukonda, Arun"]
[Result "1-0"]
[WhiteElo "1855"]
[BlackElo "1814"]
[PlyCount "79"]
[EventDate "2019.01.26"]
[EventType "swiss"]
[EventRounds "5"]
[EventCountry "GGB"]

1. c4 c6 2. Nf3 d5 3. b3 Nf6 4. g3 g6 5. Bb2 Bg7 6. Bg2 O-O 7. O-O dxc4 8. bxc4
Qb6 9. Qb3 Nbd7 10. Bd4 Qc7 11. d3 e5 12. Bb2 e4 13. Ne1 Nc5 14. Qa3 exd3 15.
exd3 b6 16. d4 Nce4 17. Nf3 Bg4 18. Nbd2 Bh6 19. Nxe4 Nxe4 20. Ne5 Nf6 21. Nxg4
Nxg4 22. d5 Bg7 23. Bxg7 Kxg7 24. Rfd1 Ne5 25. d6 Qd7 26. c5 Rfe8 27. Qc3 f6
28. cxb6 Rac8 29. Rab1 axb6 30. Rxb6 Qa7 31. Qb3 Rb8 32. d7 Nxd7 33. Rxd7+ Qxd7
34. Rxb8 Re1+ 35. Bf1 Qh3 36. Rb7+ Kh6 37. Qd3 Qe6 38. h4 Qxa2 39. Qd7 Qg8 40.
Qd2+ 1-0

[Event "Gibraltar Amateurs B"]
[Site "Gibraltar"]
[Date "2019.01.29"]
[Round "4.7"]
[White "Bryant, Richard B E"]
[Black "Salas Martin, Javier"]
[Result "1/2-1/2"]
[WhiteElo "1862"]
[BlackElo "1749"]
[PlyCount "103"]
[EventDate "2019.01.26"]
[EventType "swiss"]
[EventRounds "5"]
[EventCountry "GGB"]

1. e4 d6 2. d4 Nf6 3. Nc3 e5 4. dxe5 dxe5 5. Qxd8+ Kxd8 6. Nf3 Bd6 7. Bg5 Be6
8. O-O-O Nbd7 9. Nb5 Ke7 10. Nxd6 cxd6 11. Bb5 Rhc8 12. Kb1 Rc7 13. Rhe1 Rac8
14. Rd2 h6 15. Bh4 g5 16. Bg3 Nc5 17. Bd3 Bd7 18. Ng1 a5 19. f3 Nh5 20. Bf2
Nxd3 21. cxd3 a4 22. Ne2 b5 23. Bb6 Rb7 24. Be3 b4 25. d4 b3 26. a3 Rbc7 27.
dxe5 dxe5 28. Nc3 Nf6 29. h4 Rg8 30. hxg5 hxg5 31. Red1 g4 32. Rd6 Rc6 33. Nd5+
Nxd5 34. R6xd5 Be6 35. Rxe5 gxf3 36. gxf3 Rg3 37. Bc5+ Kf6 38. f4 Bg4 39. Re1
Rg2 40. Bd4 Rd6 41. Bc3 Bf3 42. Re8+ Kg6 43. Rg8+ Kh7 44. Rh8+ Kg6 45. Rg8+ Kh7
46. Rxg2 Bxe4+ 47. Kc1 Bxg2 48. Rg1 Be4 49. Rg7+ Kh6 50. Rxf7 Bf3 51. Rf6+ Rxf6
52. Bxf6 1/2-1/2

[Event "Gibraltar Amateurs B"]
[Site "Gibraltar"]
[Date "2019.01.29"]
[Round "4.8"]
[White "Longdin, Michael"]
[Black "Robson, Paul E"]
[Result "0-1"]
[WhiteElo "1735"]
[BlackElo "1861"]
[PlyCount "85"]
[EventDate "2019.01.26"]
[EventType "swiss"]
[EventRounds "5"]
[EventCountry "GGB"]

1. d4 c5 2. c3 g6 3. e4 cxd4 4. cxd4 d5 5. Nc3 dxe4 6. Nxe4 Bg7 7. Nf3 Nf6 8.
Nxf6+ Bxf6 9. Bb5+ Nd7 10. O-O O-O 11. Bh6 Re8 12. Re1 a6 13. Ba4 b5 14. Bb3
Bb7 15. Ng5 Bxg5 16. Bxg5 Nf6 17. Qe2 Nd5 18. Rac1 Qd6 19. Bh4 e6 20. Bg3 Qd7
21. Qd2 Rac8 22. a3 Kg7 23. Be5+ f6 24. Bg3 Rxc1 25. Rxc1 Rc8 26. Rc5 Ne7 27.
Rxc8 Qxc8 28. f3 Qd7 29. Qe3 Bd5 30. Bc2 Nc6 31. b3 b4 32. a4 Na5 33. Be1 Nc6
34. Bd2 Kg8 35. h4 Qa7 36. Kh1 Qxd4 37. Qxd4 Nxd4 38. Bd3 a5 39. Bc4 Nxb3 40.
Bxd5 exd5 41. Be3 d4 42. Bf4 d3 43. Kg1 0-1

[Event "Gibraltar Amateurs B"]
[Site "Gibraltar"]
[Date "2019.01.29"]
[Round "4.9"]
[White "Deus, Pedro"]
[Black "Johansson, Daniel 1984"]
[Result "1-0"]
[WhiteElo "1729"]
[BlackElo "1859"]
[PlyCount "57"]
[EventDate "2019.01.26"]
[EventType "swiss"]
[EventRounds "5"]
[EventCountry "GGB"]

1. e4 d5 2. exd5 Qxd5 3. Nc3 Qd6 4. d4 Nf6 5. Nf3 c6 6. Bc4 Bg4 7. Be3 e6 8. h3
Bh5 9. g4 Bg6 10. Ne5 Nbd7 11. f4 Nb6 12. Bb3 Nbd5 13. Bd2 Be7 14. Qe2 Nxc3 15.
Bxc3 Ne4 16. O-O-O Nxc3 17. bxc3 Bf6 18. f5 Bxe5 19. dxe5 Qa3+ 20. Kb1 exf5 21.
gxf5 Bxf5 22. Bxf7+ Kxf7 23. Rhf1 g6 24. Rxf5+ gxf5 25. Qh5+ Ke6 26. Qh6+ Kxe5
27. Re1+ Kd5 28. Qe6+ Kc5 29. Qe7+ 1-0

[Event "Gibraltar Amateurs B"]
[Site "Gibraltar"]
[Date "2019.01.29"]
[Round "4.10"]
[White "Garcia-Blazquez Perez, Manuel"]
[Black "Towers, Brian"]
[Result "1/2-1/2"]
[WhiteElo "1849"]
[BlackElo "1710"]
[PlyCount "135"]
[EventDate "2019.01.26"]
[EventType "swiss"]
[EventRounds "5"]
[EventCountry "GGB"]

1. e4 e6 2. d4 d5 3. Bd3 dxe4 4. Bxe4 Nf6 5. Bf3 c5 6. Ne2 Nc6 7. Be3 cxd4 8.
Nxd4 Nxd4 9. Qxd4 Qxd4 10. Bxd4 Bb4+ 11. c3 Bd6 12. Nd2 e5 13. Be3 O-O 14. Nc4
Bc7 15. Rd1 e4 16. Be2 b6 17. Na3 Be6 18. Nb5 Be5 19. O-O Ng4 20. Bxg4 Bxg4 21.
Rd5 f6 22. Nd4 Bxd4 23. Rxd4 Be2 24. Re1 Bd3 25. a4 Rad8 26. Ra1 Rxd4 27. Bxd4
Rf7 28. b4 Rb7 29. f3 exf3 30. gxf3 a6 31. Kf2 b5 32. Ke3 Bc4 33. Bc5 Rd7 34.
Bd4 Kf7 35. axb5 axb5 36. f4 Re7+ 37. Kf3 h5 38. h4 Bd5+ 39. Kf2 Bc4 40. f5 Bd3
41. Bc5 Rd7 42. Rc1 Bxf5 43. c4 bxc4 44. Rxc4 Bd3 45. Rc1 g5 46. Kg3 Bb5 47.
hxg5 fxg5 48. Be3 Rd5 49. Rc8 h4+ 50. Kf2 Rf5+ 51. Kg2 g4 52. Rc5 Rxc5 53. bxc5
Bc6+ 54. Kh2 Kg6 55. Bf2 Kg5 56. Be3+ Kh5 57. Bf4 Bf3 58. Bd6 Kg6 59. Be7 g3+
60. Kh3 g2 61. Kh2 Kh5 62. Bd6 h3 63. Be5 Kg4 64. Bd4 Bc6 65. Bg1 Bd7 66. Bd4
Kf3 67. c6 Bxc6 68. Kxh3 1/2-1/2

[Event "Gibraltar Amateurs B"]
[Site "Gibraltar"]
[Date "2019.01.29"]
[Round "4.11"]
[White "Kuenitz, Klaus"]
[Black "Carr, Jay"]
[Result "0-1"]
[WhiteElo "1723"]
[BlackElo "1842"]
[PlyCount "67"]
[EventDate "2019.01.26"]
[EventType "swiss"]
[EventRounds "5"]
[EventCountry "GGB"]

1. d4 Nf6 2. c4 e6 3. Nf3 b6 4. Bg5 Bb7 5. e3 h6 6. Bh4 g5 7. Bg3 Bb4+ 8. Nfd2
c5 9. a3 Bxd2+ 10. Nxd2 cxd4 11. exd4 d6 12. f3 Qe7 13. Be2 Nh5 14. Bf2 Nf4 15.
Bf1 f5 16. g3 Ng6 17. Bg2 Nd7 18. O-O O-O 19. Re1 Qf7 20. b4 a5 21. Rc1 axb4
22. axb4 Ra2 23. Rc2 Ra3 24. Re3 Rfa8 25. Rxa3 Rxa3 26. Qc1 Ra4 27. Qb2 Qe8 28.
c5 dxc5 29. bxc5 Qa8 30. Rc1 bxc5 31. dxc5 Nde5 32. Qb6 Ra6 33. Qc7 Rc6 34. Qb6
0-1

[Event "Gibraltar Amateurs B"]
[Site "Gibraltar"]
[Date "2019.01.29"]
[Round "4.12"]
[White "Olaizola, Miguel"]
[Black "Gillis Glastone, Philippe"]
[Result "1-0"]
[WhiteElo "1831"]
[BlackElo "1658"]
[PlyCount "79"]
[EventDate "2019.01.26"]
[EventType "swiss"]
[EventRounds "5"]
[EventCountry "GGB"]

1. Nf3 Nf6 2. Nc3 d5 3. d4 Bf5 4. Bf4 e6 5. e3 Bd6 6. Ne5 O-O 7. Bd3 Bxd3 8.
cxd3 Ne8 9. Qb3 Nc6 10. Qxb7 Nb4 11. O-O Bxe5 12. Bxe5 Nxd3 13. Bg3 Qb8 14. Qa6
Nb4 15. Qe2 Nd6 16. b3 Nf5 17. Bf4 Qb7 18. a3 Nc6 19. Rfc1 Rac8 20. Na4 Nfxd4
21. exd4 Nxd4 22. Qe3 Nf5 23. Qe5 d4 24. Nc5 Qb5 25. a4 Qc6 26. Nd3 Qb6 27. b4
c6 28. a5 Qb7 29. Rc5 Rfd8 30. Qe4 Nd6 31. Bxd6 Rxd6 32. Rac1 f6 33. b5 e5 34.
bxc6 Qb3 35. h3 Qe6 36. g4 g6 37. c7 Qd7 38. Rc6 Kg7 39. Rxd6 Qxd6 40. Qb7 1-0

[Event "Gibraltar Amateurs B"]
[Site "Gibraltar"]
[Date "2019.01.29"]
[Round "4.13"]
[White "Whitworth, John"]
[Black "Francois-Haugrin, Said"]
[Result "0-1"]
[WhiteElo "1690"]
[BlackElo "1825"]
[PlyCount "79"]
[EventDate "2019.01.26"]
[EventType "swiss"]
[EventRounds "5"]
[EventCountry "GGB"]

1. e4 c5 2. c3 d5 3. exd5 Qxd5 4. d4 Nf6 5. Nf3 Nc6 6. Na3 Bg4 7. Bc4 Qe4+ 8.
Be3 e6 9. Bd3 Qd5 10. Nb5 O-O-O 11. Be2 a6 12. Na3 cxd4 13. Nc4 Bc5 14. cxd4
Nxd4 15. Rc1 Kb8 16. Nxd4 Qxg2 17. Bxg4 Qxh1+ 18. Ke2 Qxd1+ 19. Rxd1 Nxg4 20.
Nc6+ bxc6 21. Bxc5 Rxd1 22. Kxd1 Rd8+ 23. Ke2 Rd5 24. Bf8 Rf5 25. f3 Nf6 26.
Bxg7 Nd5 27. Be5+ Ka8 28. Bg3 Rh5 29. Ne5 f5 30. Nxc6 f4 31. Bf2 Rxh2 32. Nd8
Rh4 33. a3 Kb8 34. Kd3 e5 35. b4 Nf6 36. Bc5 Kc7 37. Nf7 Kd7 38. a4 Ke6 39.
Nd8+ Kf5 40. Nb7 0-1

[Event "Gibraltar Amateurs B"]
[Site "Gibraltar"]
[Date "2019.01.29"]
[Round "4.14"]
[White "Parker, Keith"]
[Black "Cordero Infante, Ivan"]
[Result "0-1"]
[WhiteElo "1810"]
[BlackElo "1417"]
[PlyCount "142"]
[EventDate "2019.01.26"]
[EventType "swiss"]
[EventRounds "5"]
[EventCountry "GGB"]

1. d4 g6 2. e4 d6 3. Nc3 Bg7 4. Be3 Nf6 5. Bc4 O-O 6. f3 Nbd7 7. Nge2 c5 8.
dxc5 Nxc5 9. Qd2 a6 10. Bh6 b5 11. Bxg7 Kxg7 12. Bd5 Nxd5 13. Nxd5 Be6 14. Nef4
Bxd5 15. Nxd5 e6 16. Qc3+ f6 17. Nf4 e5 18. Nd5 Rc8 19. Qd2 a5 20. O-O b4 21.
Rfd1 Na4 22. Rab1 Nb6 23. Qf2 Nxd5 24. Rxd5 Qc7 25. Rc1 Rfd8 26. h3 a4 27. Qd2
b3 28. axb3 axb3 29. c3 Rd7 30. Rd1 Rcd8 31. Kh2 Qb6 32. Qd3 Kf7 33. Rb5 Qc7
34. Qd5+ Kg7 35. Qxb3 Qa7 36. Rb6 Qc7 37. Rd5 f5 38. exf5 gxf5 39. Rdb5 d5 40.
Qc2 e4+ 41. Kg1 Qg3 42. Qf2 Qc7 43. Qd4+ Kg8 44. Qf6 Qa7 45. Qxf5 exf3 46. Qxf3
Rd6 47. Qf2 Rf8 48. Qd4 Rxb6 49. Qxb6 Qf7 50. Qd4 Qf1+ 51. Kh2 Qxb5 52. b4 Qb8+
53. Kg1 Rf7 54. Qxd5 Qa7+ 55. Kh2 Qc7+ 56. Kg1 Qxc3 57. b5 Qc1+ 58. Kh2 Qc7+
59. Kg1 Qd7 60. Qc4 Qb7 61. Qb3 Kf8 62. Qb4+ Ke8 63. Qc3 Rc7 64. Qe5+ Re7 65.
Qc5 Qa7 66. b6 Qa1+ 67. Kf2 Qe1+ 68. Kf3 Qe2+ 69. Kf4 Qf1+ 70. Kg3 Qd3+ 71. Kh2
Qe4 0-1

[Event "Gibraltar Amateurs B"]
[Site "Gibraltar"]
[Date "2019.01.29"]
[Round "4.15"]
[White "Muelas Delgado, Ricardo"]
[Black "Mircov, Nicola-Alexandar"]
[Result "0-1"]
[WhiteElo "1626"]
[BlackElo "1797"]
[PlyCount "106"]
[EventDate "2019.01.26"]
[EventType "swiss"]
[EventRounds "5"]
[EventCountry "GGB"]

1. e4 c5 2. Nf3 e6 3. c3 d5 4. exd5 Qxd5 5. d4 Nf6 6. Be3 cxd4 7. Qxd4 Nc6 8.
Qxd5 Nxd5 9. Bd4 f6 10. c4 Ndb4 11. Na3 Nxd4 12. Nxd4 a6 13. Be2 e5 14. Nb3 Bf5
15. O-O O-O-O 16. c5 Kb8 17. Rfc1 Rc8 18. Rc4 Nc6 19. Nc2 Be6 20. Rc3 Nd8 21.
Ne3 Be7 22. Bg4 Bxg4 23. Nxg4 Ne6 24. c6 Rxc6 25. Rxc6 bxc6 26. Ne3 g6 27. Rd1
Rd8 28. Rxd8+ Bxd8 29. Kf1 Kb7 30. Nc4 c5 31. Ke2 Kc6 32. g3 Bc7 33. Kd3 Ng5
34. h4 Ne6 35. Ne3 h5 36. Kc4 Bd8 37. a4 g5 38. Nf5 Bc7 39. Nd2 Nd4 40. Ng7
gxh4 41. gxh4 Bd8 42. Nxh5 f5 43. Ng3 Bxh4 44. Nb3 Nxb3 45. Kxb3 Bxg3 46. fxg3
Kd5 47. Kc3 Ke4 48. Kc4 Kf3 49. Kxc5 e4 50. b4 e3 51. b5 axb5 52. axb5 e2 53.
b6 e1=Q 0-1

[Event "Gibraltar Amateurs B"]
[Site "Gibraltar"]
[Date "2019.01.29"]
[Round "4.16"]
[White "Sagar, Siya"]
[Black "Anjali, R. Sagar"]
[Result "1-0"]
[WhiteElo "1616"]
[BlackElo "1787"]
[PlyCount "86"]
[EventDate "2019.01.26"]
[EventType "swiss"]
[EventRounds "5"]
[EventCountry "GGB"]

1. e4 e5 2. Nf3 Nc6 3. Bb5 a6 4. Bxc6 dxc6 5. Nc3 Bg4 6. h3 Bxf3 7. Qxf3 Bd6 8.
d3 Ne7 9. Be3 Ng6 10. g3 Qd7 11. O-O-O O-O-O 12. d4 exd4 13. Bxd4 f6 14. Bc5
Ne5 15. Qe3 Nc4 16. Qd4 Ne5 17. Bxd6 cxd6 18. Na4 Kb8 19. f4 Nf7 20. Qb6 Ka8
21. Rd3 Rhe8 22. Rhd1 Qe6 23. Rb3 Rb8 24. Qe3 c5 25. Nc3 Nd8 26. Nd5 Qf7 27.
Nb6+ Ka7 28. Rxd6 Ne6 29. Rd7 Qf8 30. Na4 Nd4 31. Nxc5 Qxc5 32. Qxd4 Qxd4 33.
Rxd4 Re7 34. Kd2 Rbe8 35. Ke3 h5 36. Kf3 h4 37. g4 Kb8 38. Re3 Kc8 39. Rd5 g6
40. e5 fxe5 41. Rdxe5 Kd7 42. Rxe7+ Rxe7 43. Rxe7+ Kxe7 1-0